| 000 | 00774nam a22002531a 4500 | ||
|---|---|---|---|
| 001 | 10952 | ||
| 003 | BD-RjUL | ||
| 005 | 20211208235038.0 | ||
| 008 | 140125r19631957nyu b 001 0 eng | ||
| 035 | _a(BD-RjUL)11001 | ||
| 040 |
_aDLC/ICU _cICU _dDLC _dBD-RjUL _beng |
||
| 041 | _aeng | ||
| 082 | 0 | 0 |
_a572.49 _bBAB 1963 _223 |
| 100 | 1 |
_aBarker, H. A. _q(Horace Albert), _d1907-2000. _933849 |
|
| 245 | 1 | 0 |
_aBacterial fermentations / _cH. A. Barker |
| 260 |
_aNew York : _bWiley, _cc1957 [ Reprinted 1963]. |
||
| 300 |
_avii, 95 p. ; _c18 cm. |
||
| 504 | _aIncludes bibliographies and index. | ||
| 650 | 0 |
_aFermentation _933851 |
|
| 650 | 0 |
_aBacteria _933852 |
|
| 942 |
_2ddc _cBK |
||
| 999 |
_c10952 _d10952 |
||